| 000 | 00616cac a2200205 4500 | ||
|---|---|---|---|
| 008 | 070606r19972005mx 000 0 spa u | ||
| 020 | _a9688533629 | ||
| 035 | _aa461188 | ||
| 100 | 1 | _aDíaz Barriga, Ángel | |
| 245 | 1 | 0 |
_aDidáctica y curriculum: _bconvergencia en los programas de estudio / _cÁngel Díaz Barriga. |
| 250 | _a1a ed. | ||
| 260 |
_aMéxico: _bPaidós, _cr2005 |
||
| 300 |
_a207 p. ; _c22 cm. |
||
| 440 | 0 |
_aPaidós educador ; _v127 |
|
| 504 | _aBibliografía: p. 199-207 | ||
| 650 | 4 | _aEnseñanza | |
| 650 | 4 |
_aEducación _xCurriculum |
|
| 942 |
_2lcc _cLIB |
||
| 999 |
_c117988 _d117988 |
||